Essential science for nursing students : (Record no. 6791)

MARC details
000 -LEADER
fixed length control field 00574nam a22001937a 4500
003 - CONTROL NUMBER IDENTIFIER
control field OSt
005 - DATE AND TIME OF LATEST TRANSACTION
control field 20210225161454.0
008 - FIXED-LENGTH DATA ELEMENTS--GENERAL INFORMATION
fixed length control field 210225b ||||| |||| 00| 0 eng d
020 ## - INTERNATIONAL STANDARD BOOK NUMBER
International Standard Book Number 0702021261
040 ## - CATALOGING SOURCE
Language of cataloging DLC
Transcribing agency 040a
082 ## - DEWEY DECIMAL CLASSIFICATION NUMBER
Classification number WY 100
Item number E28s 1999
245 ## - TITLE STATEMENT
Title Essential science for nursing students :
Remainder of title an introductory text /
Statement of responsibility, etc. Roger Watson
260 ## - PUBLICATION, DISTRIBUTION, ETC. (IMPRINT)
Place of publication, distribution, etc. London
Name of publisher, distributor, etc. Baillier Tindall
Date of publication, distribution, etc. 1999
300 ## - PHYSICAL DESCRIPTION
Extent vi, 316p;
Other physical details col.ill:
Dimensions 24cm
504 ## - BIBLIOGRAPHY, ETC. NOTE
Bibliography, etc Includes bibliographical references and index
650 ## - SUBJECT ADDED ENTRY--TOPICAL TERM
Source of heading or term Nursing
700 ## - ADDED ENTRY--PERSONAL NAME
Personal name Watson, Roger
9 (RLIN) 12338
942 ## - ADDED ENTRY ELEMENTS (KOHA)
Source of classification or shelving scheme Dewey Decimal Classification
Koha item type Open Shelf
Holdings
Withdrawn status Lost status Source of classification or shelving scheme Damaged status Not for loan Home library Current library Date acquired Source of acquisition Inventory number Total Checkouts Full call number Barcode Date last seen Date last checked out Price effective from Koha item type
    Dewey Decimal Classification     MUST Main Library MUST Main Library 25/02/2021 Donation 2011/35436 1 WY 100 E28s 1999 2021-0228 10/03/2021 25/02/2021 25/02/2021 Open Shelf